Questions de culture sur Tairtas - Statistiques

Statistiques générales
  • Ce quiz a été pris 10 fois
  • Le résultat moyen est 5 sur 10
Statistiques - réponses
Question Réponse % Correct
Comment nomme-t-on les habitants de Tairtas ? Les Noltas
75%
Dernière question... Qui n'a jamais existé ? Tyréum Ephisam
75%
Comment dit-on "Bonjour" en Thangertas ? Hollë
50%
Quel Olem a participé á la bataille de Lanmaa ? Imènosa
50%
Quel artefact n'existe pas ? Les perles du dragon
50%
Comment se nomme la capitale commerciale de Tairtas ? Selduin
50%
Complète cette suite logique : A-S-... I (i)
25%
Quelle loi Noltas n'existe pas ? Interdit de dénigrer quelqu'un à propos de son orientation sexuelle
25%
Complète cette suite logique : Oaï-Toaï... Traï
25%
Comment se nomme l'avant dernier roi du premier âge ? Ucoua II
25%
Aucun quiz correspondant
Distribution des résultats
% des personnes avec chaque résultat
Percentile par nombre de réponses
Votre historique - résultats
Vous n’avez pas pris ce quiz